000 00701nam a2200205 a 4500
001 BRCA_1305
005 20190320203352.0
008 270508s1986----sp-a---###---#000-0#spa-#
020 _a8476160070
050 4 _aNK2549
_b.D86 1986
100 1 _aDuncan, Alastair
_d1942-
_92285
245 1 0 _aMuebles Art Déco
_blos diseñadores franceses
_cAlastair Duncan.
260 _aBarcelona
_bStylos
_cc1986
300 _a183 p.
_bil. (algunas a color)
_c27 cm.
504 _aBibliografía : p. 183
650 1 4 _aDiseñadores de muebles
_vBibliografía
_zFrancia
_94273
650 1 4 _aDecoración y ornamentación
_xArt decó
_zFrancia
_94274
650 1 4 _aMuebles
_xHistoria
_ySiglo XX
_zFrancia
_93767
942 _2lcc
_cB
999 _c1171
_d1171